| 000 | 00434pab a2200169 454500 | ||
|---|---|---|---|
| 008 | 180718b2015 xxu||||| |||| 00| 0 eng d | ||
| 100 | _aNathan, Dev | ||
| 245 | _aPrice of land and skill bias in manufacturing | ||
| 260 | _c2015 | ||
| 300 | _ap.14-15. | ||
| 362 | _a12 Dec | ||
| 650 | _aManufacturing industry | ||
| 650 | _aLand value | ||
| 700 | _aSarkar, Sandip | ||
| 773 | _aEconomic and Political Weekly | ||
| 909 | _a109728 | ||
| 999 |
_c109723 _d109723 |
||